| 000 | 00574ntaaa2200205 4500 | ||
|---|---|---|---|
| 003 | 01 | ||
| 005 | 20251027202909.0 | ||
| 008 | 0714s1973 ag 01 | ||
| 040 |
_aAR-BaBN _bspa _cAR-BaBN _eaacr _dRIC |
||
| 082 | _a922.8000 F33 | ||
| 100 |
_aFeliú, Ricardo V _929407 |
||
| 245 | _aLutero en España y en la América Española | ||
| 250 | _a1 ed. | ||
| 260 |
_aNew York : _bProtestant Founders, _cc1956 |
||
| 300 | _a809 p | ||
| 500 | _aFisonomía moral del fundador del protestantismo | ||
| 650 |
_aLutero-biografía _928852 |
||
| 650 | _abiografía-Lutero | ||
| 942 | _cBK | ||
| 999 |
_c24241 _d24241 |
||